1985 1306 1241 1779 1239 1427 1872 1402 1530 1229 1631 1284 1096 1808 1029 1975 1032 1021 1740 1889 1611 1125 1596 1141 1143 1559 1423 1455 1994 1840 1973 1037 1095 1278 1859 1815 1482 1953 1467 1203 1464 1384 1606 1406 1101 1623 1060 1079 1719 1992 1525 1047 1747 1084 1093 1824 1049 1445 1047 1255 1098 1224 1539 1315 1662 1836 1113 1192 1884 1074 1564 1536 1106 1270 1834 1304 1404 1090 1832 1200 1713 1680 1921 1687 1149 1783 1659 1327 1300 1921 1122 1065 1753 1469 1562 1078 1706 1100 1630 BCNSPRNW ULIB Ver.6.0+V

เปลี่ยนเป็นภาษาไทย

Change to English
 แสดงรายละเอียดบรรณานุกรม
  กลับหน้าหลัก

Brief Record : Get Marc (ISO 2709) : E-mail record : QR code < ปิดหน้าต่าง
LEADER : 00000nam 2200000uu 4500
001    13399125699
003     ULIB
008    170716s||||||||th 000 0 tha d
020    ^a9786163948984
060  0 ^aWA100^bS187H
100 0  ^asamuel umereweneza
245 00 ^aHEALTH GUIDING PRINCIPLES A Preventive and Christian Perspective /^csamuel umereweneza
250    ^aSecond Edition
260    ^aNakhon Pathom :^bPhetkasemm ;^cม.ป.ป.
300    ^a334 หน้า ;^c19 ซม.
650  0 ^aHEALTH^xHealth Care
945    ^p0^l0^i25271
999    ^aกัณชพร จุลอักษร
รายการนี้ยังไม่มีแท็ก
คุณยังไม่ได้ล็อกอิน คุณสามารถมีกิจกรรมร่วมกับเว็บไซต์ได้ แต่ต้องล็อกอินก่อน ::
  ล็อกอิน

รายการสื่อสารสนเทศ

ลำดับที่ ประเภท เลขเรียก/บาร์โค้ด สถานที่ สถานะ
1. วิทยาศาสตร์การแพทย์ และสุขภาพ
วิทยาศาสตร์การแพทย์ และสุขภาพ
WA100 S187H ฉ.1 
  Barcode: 25271
ห้องสมุดวิทยาเขตนครสวรรค์
►หนังสือทั่วไป:l:General Books
บนชั้น

รายการใกล้เคียง
    ผู้แต่ง [samuel umereweneza]

BibComment


ยังไม่เคยถูกคอมเมนท์

คอมเมนท์ทรัพยากรรายการนี้
  คอมเมนท์: HEALTH GUIDING P..


 Copyright 2026. Bcnsprnw @Library